| 000 | 00905nam a2200265 a 4500 | ||
|---|---|---|---|
| 001 | BRCA_1793 | ||
| 005 | 20190320203543.0 | ||
| 008 | 931122s1992 be-a---##b---#000-0#fre-# | ||
| 020 | _a9080112410 | ||
| 040 |
_aDLC _cDLC _dDLC |
||
| 050 | 4 |
_aN6465.A7.B4 _b.V53 1992 |
|
| 100 | 1 |
_aVictoir, J. _95589 |
|
| 245 | 1 | 0 |
_aHenri Beyaert _bDu Classicisme à l´Art Nouveau _cJ. Victoir, J. Vanderperren ; préfacé par Victor G. Martiny. |
| 260 |
_aBelgique _bDyle _c1992 |
||
| 300 |
_a296 p. _bil. (algunas a color) _c32 cm. |
||
| 500 | _aColección Sonia Corcuera de Mancera | ||
| 504 | _aBibliografía: p. 278-281 | ||
| 600 | 1 | 4 |
_aBeyaert, Hendrik _d1823-1894 _xCrítica e interpretación _95590 |
| 650 | 1 | 4 |
_aArquitectura _ySiglo XX _zBélgica _95591 |
| 700 | 1 |
_aBeyaert, Hendrik _d1823-1894 _95592 |
|
| 700 | 1 |
_aVanderperren, J _95593 |
|
| 700 | 1 |
_aMartiny, Victor G _95594 |
|
| 902 | _aDSC | ||
| 942 |
_2lcc _cB |
||
| 999 |
_c1575 _d1575 |
||